[Event "VIE-ch"]
[Site "Tinh Bac Giang"]
[Date "2022.02.28"]
[Round "4"]
[White "Dang, Anh Minh"]
[Black "Nguyen, Hoang Duc"]
[Result "1-0"]
[WhiteElo "2040"]
[BlackElo "2158"]
[PlyCount "63"]
[EventDate "2022.02.28"]
[EventType "swiss"]
[EventRounds "9"]
[EventCountry "VIE"]
[SourceTitle "CBM 207 Extra"]
[Source "ChessBase"]
[SourceDate "2022.05.31"]
[SourceVersion "1"]
[SourceVersionDate "2022.05.31"]
[SourceQuality "1"]

1. d4 g6 2. c4 Bg7 3. Nc3 d6 4. e4 Nc6 5. Be3 e5 6. d5 Nce7 7. c5 f5 8. Bb5+ Kf8 9. f3 Nf6 10. h3 f4 11. Bf2 g5 12. Nge2 h5 13. Qb3 Bh6 14. Rc1 g4 15. hxg4 hxg4 16. Bd3 Kg7 17. Nb5 Bg5 18. Rxh8 Qxh8 19. cxd6 cxd6 20. Nxd6 Qh1+ 21. Ng1 g3 22. Nxc8 Qxg2 23. Nh3 gxf2+ 24. Nxf2 Bh4 25. Nxe7 Bxf2+ 26. Kd1 Qxf3+ 27. Kc2 Bb6 28. d6 Nxe4 29. Qe6 Qf2+ 30. Kb1 Bd4 31. Nf5+ Kh8 32. Qh6+ 1-0

[Event "VIE-ch"]
[Site "Tinh Bac Giang"]
[Date "2022.02.28"]
[Round "2"]
[White "Nguyen, Hoang Duc"]
[Black "Duong, The Anh"]
[Result "1/2-1/2"]
[WhiteElo "2158"]
[BlackElo "2319"]
[PlyCount "124"]
[EventDate "2022.02.28"]
[EventType "swiss"]
[EventRounds "9"]
[EventCountry "VIE"]
[SourceTitle "CBM 207 Extra"]
[Source "ChessBase"]
[SourceDate "2022.05.31"]
[SourceVersion "1"]
[SourceVersionDate "2022.05.31"]
[SourceQuality "1"]

1. Nf3 Nf6 2. c4 c6 3. g3 d5 4. b3 Bf5 5. Bg2 e6 6. Bb2 Nbd7 7. 0-0 Bd6 8. d3 Qe7 9. Nh4 Bg4 10. h3 Bh5 11. Qe1 g5 12. Nf3 Rg8 13. Nbd2 g4 14. hxg4 Bxg4 15. cxd5 cxd5 16. e4 Ba3 17. Bxa3 Qxa3 18. exd5 Nxd5 19. Ne5 N7b6 20. Ndc4 Qe7 21. a4 Nf6 22. Nxb6 axb6 23. Qe3 Ra5 24. Rfc1 Rc5 25. b4 Nd5 26. Qd4 Rxc1+ 27. Rxc1 Qg5 28. Rc8+ Ke7 29. Rxg8 Qc1+ 30. Bf1 Be2 31. Rg7 Qxf1+ 32. Kh2 Bh5 33. Rxh7 Qe2 34. b5 Kf8 35. Rh8+ Kg7 36. Re8 Nf6 37. Nd7 e5 38. Nxf6 exd4 39. Rxe2 Bxe2 40. Nd5 Bxd3 41. Nxb6 Kf6 42. Kg2 Ke6 43. f3 Kd6 44. Kf2 Bf5 45. Ke2 Kc5 46. Na8 Kb4 47. Kd2 Kxa4 48. g4 Bb1 49. b6 Kb5 50. Ke2 Kc5 51. Kd2 Ba2 52. Ke2 Bc4+ 53. Kd2 Bd5 54. f4 Bf3 55. g5 Be4 56. Ke2 Bf5 57. Kd2 Kd5 58. Nc7+ Ke4 59. Nb5 Kxf4 60. Nd6 Be4 61. Nxf7 Bd5 62. g6 Kf5 1/2-1/2

[Event "VIE-ch op"]
[Site "Hanoi"]
[Date "2020.11.23"]
[Round "1"]
[White "Nguyen, Hoang Duc"]
[Black "Tran, Tuan Minh"]
[Result "0-1"]
[WhiteElo "2331"]
[BlackElo "2348"]
[PlyCount "64"]
[EventDate "2020.11.23"]
[EventType "swiss"]
[EventRounds "9"]
[EventCountry "VIE"]
[SourceTitle "CBM 199 Extra"]
[Source "ChessBase"]
[SourceDate "2021.01.31"]
[SourceVersion "1"]
[SourceVersionDate "2021.01.31"]
[SourceQuality "1"]

1. d4 Nf6 2. c4 e6 3. Nf3 b6 4. g3 Ba6 5. b3 Bb4+ 6. Bd2 Be7 7. Bg2 d5 8. Nc3 c6 9. Ne5 0-0 10. cxd5 cxd5 11. 0-0 Nfd7 12. Nxd7 Qxd7 13. Re1 Nc6 14. Bc1 Rac8 15. Bb2 Rc7 16. a3 Rfc8 17. e4 Nd8 18. Re3 dxe4 19. Nxe4 f5 20. Nd2 Rc2 21. Nc4 R8xc4 22. bxc4 Rxb2 23. d5 Bxc4 24. dxe6 Qxd1+ 25. Rxd1 Nxe6 26. Bf1 Ba2 27. Rd7 Bc5 28. Rf3 Nd4 29. Re3 h5 30. Bd3 Bb1 31. Bc4+ Kh7 32. Re8 Be4 0-1

[Event "VIE-ch"]
[Site "Hanoi"]
[Date "2020.10.07"]
[Round "4"]
[White "Nguyen, Hoang Duc"]
[Black "Pham, Xuan Dat"]
[Result "1/2-1/2"]
[WhiteElo "2117"]
[BlackElo "2227"]
[PlyCount "71"]
[EventDate "2020.10.05"]
[EventType "swiss"]
[EventRounds "9"]
[EventCountry "VIE"]
[SourceTitle "EXT 2022"]
[Source "ChessBase"]
[SourceDate "2021.10.06"]
[SourceVersion "1"]
[SourceVersionDate "2021.10.06"]
[SourceQuality "1"]

1. d4 Nf6 2. c4 g6 3. Nc3 d5 4. cxd5 Nxd5 5. Bd2 Bg7 6. Nf3 0-0 7. Rc1 c5 8. dxc5 Nxc3 9. Bxc3 Qxd1+ 10. Kxd1 Be6 11. Bxg7 Kxg7 12. b3 Na6 13. Ng5 Rfd8+ 14. Ke1 Rac8 15. Nxe6+ fxe6 16. f3 Nxc5 17. Rc4 b5 18. Rb4 Rd5 19. h4 h5 20. e4 Na6 21. exd5 Nxb4 22. dxe6 Nxa2 23. Rh3 Rc1+ 24. Kf2 a6 25. Bd3 Rc6 26. g4 hxg4 27. fxg4 Rxe6 28. Re3 Rf6+ 29. Kg3 Kf7 30. h5 gxh5 31. gxh5 Nb4 32. Be4 Kg7 33. Bb7 Kh6 34. Kg4 e6 35. Bc8 Nd5 36. Rxe6 1/2-1/2

[Event "VIE-ch"]
[Site "Hanoi"]
[Date "2020.10.06"]
[Round "2"]
[White "Nguyen, Hoang Duc"]
[Black "Tran, Minh Thang"]
[Result "0-1"]
[WhiteElo "2117"]
[BlackElo "2335"]
[PlyCount "74"]
[EventDate "2020.10.05"]
[EventType "swiss"]
[EventRounds "9"]
[EventCountry "VIE"]
[SourceTitle "EXT 2022"]
[Source "ChessBase"]
[SourceDate "2021.10.06"]
[SourceVersion "1"]
[SourceVersionDate "2021.10.06"]
[SourceQuality "1"]

1. e4 c5 2. Nf3 e6 3. b3 Nf6 4. e5 Nd5 5. c4 Nf4 6. d4 Ng6 7. Bd3 cxd4 8. Bxg6 hxg6 9. Qxd4 Nc6 10. Qf4 d6 11. Bb2 dxe5 12. Nxe5 Bb4+ 13. Ke2 Qc7 14. Rd1 0-0 15. Qe4 Ne7 16. Na3 a6 17. Rd3 f6 18. Nxg6 Nxg6 19. Qxg6 Bxa3 20. Bxa3 Qe5+ 21. Kd2 Qa5+ 22. b4 Qc7 23. b5 Rd8 24. b6 Qf4+ 25. Kc3 Qe5+ 26. Kc2 Qe2+ 27. Kc3 Qe5+ 28. Kc2 Rxd3 29. Qe8+ Kh7 30. Kxd3 Qf5+ 31. Ke3 e5 32. g3 Qg4 33. f4 exf4+ 34. gxf4 Qh3+ 35. Kf2 Bg4 36. Qe3 Qxh2+ 37. Kf1 Qh1+ 0-1

[Event "VIE-ch"]
[Site "Ho Chi Minh City"]
[Date "2019.05.05"]
[Round "3"]
[White "Nguyen, Hoang Duc"]
[Black "Do, An Hoa1111"]
[Result "1-0"]
[WhiteElo "2071"]
[BlackElo "1565"]
[PlyCount "63"]
[EventDate "2019.05.02"]
[EventType "swiss"]
[EventRounds "9"]
[EventCountry "VIE"]
[SourceTitle "CBM 190 Extra"]
[Source "ChessBase"]
[SourceDate "2019.07.15"]
[SourceVersion "1"]
[SourceVersionDate "2019.07.15"]
[SourceQuality "1"]

1. Nf3 e6 2. g3 f5 3. Bg2 Nf6 4. d3 Be7 5. Nc3 d6 6. e4 e5 7. Bg5 fxe4 8. dxe4 Nbd7 9. h3 h6 10. Be3 0-0 11. Qe2 Nh7 12. Nd5 c6 13. Nxe7+ Qxe7 14. Rd1 Nhf6 15. Nh4 Qe6 16. c4 Rd8 17. 0-0 Nf8 18. Nf5 d5 19. cxd5 cxd5 20. Bc5 Rd7 21. Bxf8 Kxf8 22. f4 Kg8 23. exd5 Qb6+ 24. Kh2 exf4 25. Rxf4 Rf7 26. Ne7+ Kf8 27. d6 Bd7 28. Nd5 Qa6 29. Qxa6 bxa6 30. Nxf6 Rd8 31. Nxd7+ Rdxd7 32. Rxf7+ 1-0

[Event "Ho Chi Minh City HD Bank op 9th"]
[Site "Ho Chi Minh City"]
[Date "2019.03.13"]
[Round "9"]
[White "Nguyen, Hoang Duc"]
[Black "Zhang, Xiao"]
[Result "0-1"]
[WhiteElo "2066"]
[BlackElo "2153"]
[PlyCount "88"]
[EventDate "2019.03.07"]
[EventType "swiss"]
[EventRounds "9"]
[EventCountry "VIE"]
[SourceTitle "CBM 189 Extra"]
[Source "ChessBase"]
[SourceDate "2019.06.03"]
[SourceVersion "1"]
[SourceVersionDate "2019.06.03"]
[SourceQuality "1"]

1. e4 c6 2. c4 d5 3. exd5 cxd5 4. cxd5 Qxd5 5. d4 Nf6 6. Nc3 Qd8 7. h3 e6 8. Nf3 Be7 9. Bd3 0-0 10. 0-0 b6 11. Re1 Bb7 12. a3 Nbd7 13. Ne5 Rc8 14. Qe2 Nd5 15. Ne4 Nxe5 16. dxe5 Rxc1 17. Raxc1 Nf4 18. Qe3 Nxd3 19. Red1 Bxe4 20. Qxe4 Nxc1 21. Rxd8 Rxd8 22. Qb7 Ne2+ 23. Kh2 Bc5 24. Qa6 Nf4 25. Qxa7 Bxf2 26. a4 Bd4 27. Qc7 Rf8 28. b4 Ng6 29. g3 h5 30. Kg2 Ra8 31. a5 bxa5 32. bxa5 Bxe5 33. Qb6 Rb8 34. Qe3 Rb2+ 35. Kf1 Ra2 36. Qd3 Kh7 37. a6 Ra5 38. g4 h4 39. Kf2 Bf4 40. Kf3 e5 41. Ke4 Ne7 42. Qd8 Ra4+ 43. Kd3 Bg5 44. Kc3 Rxa6 0-1

[Event "VIE-chB"]
[Site "Ba Dinh"]
[Date "2018.11.29"]
[Round "3"]
[White "Nguyen, Hoang Duc"]
[Black "Duong, The Anh"]
[Result "0-1"]
[WhiteElo "2066"]
[BlackElo "2307"]
[PlyCount "68"]
[EventDate "2018.11.28"]
[EventType "swiss"]
[EventRounds "9"]
[EventCountry "VIE"]
[SourceTitle "EXT 2021"]
[Source "ChessBase"]
[SourceDate "2020.10.23"]
[SourceVersion "1"]
[SourceVersionDate "2020.10.23"]
[SourceQuality "1"]

1. e4 c5 2. Nf3 d6 3. Na3 Nc6 4. c3 Nf6 5. d3 e6 6. g3 Be7 7. Bg2 0-0 8. 0-0 Rb8 9. Bf4 e5 10. Bg5 b5 11. Re1 h6 12. Bd2 Re8 13. Nc2 Bf8 14. Ne3 Be6 15. Qc2 Rc8 16. Rad1 d5 17. exd5 Nxd5 18. Qb1 Nxe3 19. Bxe3 Qa5 20. b3 Bf5 21. Qa1 Red8 22. c4 bxc4 23. Nxe5 Nxe5 24. Bd2 Qc7 25. Rxe5 Bg4 26. Rde1 cxd3 27. Bd5 Bd6 28. R5e3 Be2 29. Bf3 Bxf3 30. Rxf3 c4 31. Bc3 Bf8 32. Be5 Qc6 33. Rf4 d2 34. Rf1 c3 0-1

[Event "VIE-chB"]
[Site "Ba Dinh"]
[Date "2018.11.28"]
[Round "2"]
[White "Nguyen, Hoang Duc"]
[Black "Pham, Chuong"]
[Result "0-1"]
[WhiteElo "2066"]
[BlackElo "2383"]
[PlyCount "76"]
[EventDate "2018.11.28"]
[EventType "swiss"]
[EventRounds "9"]
[EventCountry "VIE"]
[SourceTitle "EXT 2021"]
[Source "ChessBase"]
[SourceDate "2020.10.23"]
[SourceVersion "1"]
[SourceVersionDate "2020.10.23"]
[SourceQuality "1"]

1. e4 c5 2. Nf3 Nc6 3. Bb5 e6 4. 0-0 Nge7 5. Re1 a6 6. Bf1 Ng6 7. d4 cxd4 8. Nxd4 Be7 9. c4 0-0 10. Nc3 b6 11. Be3 Bb7 12. Nb3 Rb8 13. Na4 Bc8 14. c5 bxc5 15. Naxc5 a5 16. Rc1 Bf6 17. Re2 Nce5 18. Qd6 Ra8 19. h3 a4 20. Nd2 Be7 21. Qd4 d6 22. Nxa4 Bf6 23. Nb6 Nf3+ 24. Nxf3 Bxd4 25. Bxd4 Ba6 26. Rec2 Bxf1 27. Kxf1 Nf4 28. a4 Rb8 29. a5 Qe8 30. Rc6 Nd3 31. R1c4 Nb4 32. Rxd6 Qb5 33. Ne5 Rfd8 34. Bc5 Na6 35. Rxd8+ Rxd8 36. Be7 Re8 37. Bd6 Qxa5 38. Nbd7 Qd2 0-1

[Event "Asia Eastern-ch U20"]
[Site "Gangneung"]
[Date "2018.08.07"]
[Round "8"]
[White "Nguyen, Hoang Duc"]
[Black "Kwon, Sehyun"]
[Result "0-1"]
[WhiteElo "1999"]
[BlackElo "2142"]
[PlyCount "84"]
[EventDate "2018.08.02"]
[EventType "swiss"]
[EventRounds "9"]
[EventCountry "KOR"]
[SourceTitle "CBM 186 Extra"]
[Source "ChessBase"]
[SourceDate "2018.08.24"]
[SourceVersion "1"]
[SourceVersionDate "2018.08.24"]
[SourceQuality "1"]

1. e4 c5 2. Nf3 g6 3. d4 cxd4 4. Qxd4 Nf6 5. e5 Nc6 6. Qa4 Nd5 7. Qe4 Nb6 8. Bf4 d5 9. exd6 Bf5 10. Qe2 Bg7 11. Nc3 0-0 12. 0-0-0 exd6 13. Rxd6 Qc8 14. Qd2 Na5 15. Nd5 Re8 16. b3 Nxd5 17. Rxd5 Bc3 18. Qd1 Be4 19. Bb5 Bxd5 20. Qxd5 Rd8 21. Qg5 f6 22. Qh6 Qc5 23. Bd3 Qa3+ 24. Kd1 Qxa2 25. Ke2 Rxd3 26. Kxd3 Rd8+ 27. Kxc3 Rc8+ 28. Kd2 Rxc2+ 29. Kd1 Qb1+ 30. Bc1 Nxb3 31. Re1 Qxc1+ 32. Qxc1 Rxc1+ 33. Ke2 Rxe1+ 34. Nxe1 Nc5 35. Ke3 Kf7 36. Kd4 Ne6+ 37. Kc4 Ke7 38. Nc2 Kd6 39. Ne3 f5 40. h4 Kc6 41. h5 f4 42. hxg6 fxe3 0-1